| Tag |
First Indicator |
Second Indicator |
Subfields |
| LEADER |
00000cam a2200000 a 4500 |
| 001 |
in00002139755 |
| 006 |
m e d # |
| 007 |
cr mn mmmmabba |
| 008 |
820518s1750 mau s 000 0 eng d |
| 005 |
20260330192030.5 |
| 035 |
|
|
|z t097678
|
| 035 |
|
|
|z w030792
|
| 035 |
|
|
|a MAAR8205182912B
|
| 035 |
|
|
|9 mwa91-52356
|
| 035 |
|
|
|a 323649
|
| 035 |
|
|
|a aas03030792
|
| 040 |
|
|
|a MWA
|c MWA
|e bdrb
|d UtOrBLW
|
| 100 |
1 |
|
|a Mayhew, Jonathan,
|d 1720-1766.
|
| 245 |
1 |
2 |
|a A discourse concerning unlimited submission and non-resistance to the higher powers :
|b with some reflections on the resistance made to King Charles I. and on the anniversary of his death: in which the mysterious doctrine of that prince's saintship and martyrdom is unriddled: the substance of which was delivered in a sermon preached in the West Meeting-House in Boston the Lord's-Day after the 30th of January, 1749/50. : Published at the request of the hearers. /
|c By Jonathan Mayhew, A.M. Pastor of the West Church in Boston. ; [Eight lines of quotations].
|
| 264 |
|
3 |
|a Boston :
|b printed and sold by D. Fowle in Queen-Street; and by D. Gookin over-against the South-Meeting-House,
|c 1750.
|
| 300 |
|
|
|a 8 unnumbered pages, 55 pages, 1 unnumbered page ;
|c 22 cm. (quarto)
|
| 336 |
|
|
|a text
|b txt
|2 rdacontent
|
| 337 |
|
|
|a computer
|b c
|2 rdamedia
|
| 338 |
|
|
|a online resource
|b cr
|2 rdacarrier
|
| 500 |
|
|
|a Half-title: Mr. Mayhew's discourse wherein the mystery of King Charles's saintship and martyrdom is unriddled.
|
| 500 |
|
|
|a Running titles: Of unlimited submission, and non-resistance to the higher powers; Of King Charles's saintship and martyrdom.
|
| 500 |
|
|
|a Two states noted. In the first, verso of half-title is blank; in the second, there is an "advertisement" signed J.M. and a five line errata statement on verso of half-title. Evans notes that a few copies were printed on large paper in 4to, the rest in 8vo.
|
| 510 |
4 |
|
|a Evans
|c 6549
|
| 530 |
|
|
|a Microform version available in the Readex Early American Imprints series.
|
| 533 |
|
|
|a Electronic text and image data.
|b [Chester, Vt. :
|c Readex, a division of Newsbank, Inc.,
|d 2002-2004.
|e Includes files in TIFF, GIF and PDF formats with inclusion of keyword searchable text.
|f (Early American imprints. First series ; no. 6549).
|
| 500 |
|
|
|a Electronic resource.
|
| 600 |
0 |
0 |
|a Charles
|b I,
|c King of England,
|d 1600-1649.
|
| 650 |
|
0 |
|a Government, Resistance to.
|
| 655 |
|
7 |
|a Sermons
|y 1750.
|2 rbgenr
|
| 752 |
|
|
|a United States
|b Massachusetts
|d Boston.
|
| 830 |
|
0 |
|a Early American imprints.
|n Series I,
|p Evans (1639-1800) ;
|v no. 6549.
|
| 856 |
4 |
1 |
|u http://proxy.library.tamu.edu/login?url=https://opac.newsbank.com/select/evans/6549
|y Evans Digital Edition
|t 0
|
| 999 |
|
|
|a MARS
|
| 999 |
f |
f |
|s 361dd317-c7a0-3ad2-a8e4-ad8a223aa628
|i 12dfcb25-1eed-33f0-9716-9f4564d1f239
|t 0
|
| 952 |
f |
f |
|a Texas A&M University
|b College Station
|c Electronic Resources
|s www_evans
|d Available Online
|t 0
|h No information provided
|
| 998 |
f |
f |
|t 0
|l Available Online
|